Juntos por una alimentación equilibrada y sin riesgos /

Guardado en:
Autor Principal: Martorana, Alicia O.
Formato: Libro
Publicado: Bahía Blanca : Ediuns, 2008
Materias:
Etiquetas: Agregar Etiqueta
Sin Etiquetas, Sea el primero en etiquetar este registro!
LEADER 00890nam a22002175a 4500
001 CEM.cems013029
005 20081031092713.0
008 130507s2008##################000#0#####d
003 CEMS
020 |a 9789870548294 
082 0 4 |a 614 
100 1 |a Martorana, Alicia O. 
245 1 0 |a Juntos por una alimentación equilibrada y sin riesgos /  |c Alicia O. Martorana ... [et Al.] 
260 |a Bahía Blanca :  |b Ediuns,  |c 2008 
300 |a 99 p. 
500 |a Voluntariado de las carreras de Bioquímica y Farmacia de La Universidad Nacional del Sur. 
505 0 |a Principios básicos de la nutrición -- Los microorganismos y los alimentos -- Enfermedades transmitidas por alimentos (ETAs) -- Pautas básicas para la higiene y limpieza. Agentes 
653 |a Educación para la salud 
653 |a Alimentación 
653 |a Nutrición 
859 |a CEMS  |b BIB. CEMS - 11 de abril  |h 614  |i M367  |p 25469.08  |t Ej.1